01381nam a2200421 i 450000100060000000300090000600500170001500800390003201500180007102000150008904000280010404100080013204600090014008000100014908000130015908000090017210000380018124501070021925000120032626000330033830000280037133600270039933700540042633800280048038000160050838800140052438800140053849000270055250001140057950400130069365000230070665000310072965500170076065800300077771000280080783000260083585600980086138122KOSZ 00520221216135203.0001124s1999 pl a f |001 0 pol aPB 2000/22269 a8385428070 aWA NcWA NdKOSZ 005/HR0 apol k1999 a005.2 a658.1/.5 a(07)1 aPenc, Józefd(1939-2017)eAutor10aStrategie zarządzania :bperspektywiczne myślenie, systemowe działanie.n[Cz. 1] /cJózef Penc. aWyd. 3. aWarszawa :b"Placet",c1999. a221 s. :bil. ;c24 cm. 2rdacontentaTekstbtxt 2rdamediaaBez urządzenia pośredniczącegobn 2rdacarrieraWoluminbnc aKsiążki a1901-2000 a1989-20001 aBiblioteka Biznesmena. aU dołu okł.: Teoria i praktyka zarządzania : drogi do sukcesu firmy : polsko-angielski słownik stratega. aIndeksy. 4aPrzedsiębiorstwo 4aZarządzanie strategiczne 4aPodręcznik aZarządzanie i marketing2 aWydawnictwo Placet4pbl 0aBiblioteka Biznesmena uhttp://koha.tu.koszalin.pl/cgi-bin/koha/opac-detail.pl?biblionumber=38122yKatalog online BPK